Airline Alliance Founding Members - Statistics

General Stats
  • This quiz has been taken 170 times
  • The average score is 10 of 14
Answer Stats
Alliance Founding Airlines % Correct
Oneworld American Airlines
92%
Oneworld British Airways
90%
SkyTeam Air France
87%
Star Alliance Lufthansa
87%
Star Alliance United Airlines
87%
SkyTeam Delta Air Lines
83%
Oneworld Qantas
78%
Star Alliance Air Canada
66%
Star Alliance SAS
59%
Oneworld Cathay Pacific
55%
Star Alliance Thai Airways
53%
SkyTeam Korean Air
51%
SkyTeam Aeroméxico
44%
Oneworld Canadian Airlines
21%
No matching quizzes found
Score Distribution
Percent of People with Each Score
Percentile by Number Answered
Your Score History
You have not taken this quiz